ბათუმის შოთა რუსთაველის სახელმწიფო უნივერსიტეტის ბიბლიოთეკა

Textbook of gastroenterology / (ბიბ.ჩანაწერი № 57474)

000 -LEADER
fixed length control field 01433cam a22003374a 4500
001 - CONTROL NUMBER
control field 15251637
005 - DATE AND TIME OF LATEST TRANSACTION
control field 20221107161615.0
008 - FIXED-LENGTH DATA ELEMENTS--GENERAL INFORMATION
fixed length control field 080407s2009 enka b 001 0 eng
010 ## - LIBRARY OF CONGRESS CONTROL NUMBER
LC control number 2008015531
016 7# - NATIONAL BIBLIOGRAPHIC AGENCY CONTROL NUMBER
Record control number 101470824
Source DNLM
020 ## - INTERNATIONAL STANDARD BOOK NUMBER
International Standard Book Number 9781405169110 (alk. paper) X
020 ## - INTERNATIONAL STANDARD BOOK NUMBER
International Standard Book Number 1405169117 (alk. paper) X
020 ## - INTERNATIONAL STANDARD BOOK NUMBER
International Standard Book Number 9781405169110 X
041 ## - LANGUAGE CODE
Language code of text/sound track or separate title eng
080 ## - UNIVERSAL DECIMAL CLASSIFICATION NUMBER
Universal Decimal Classification number 616.3 T-42
082 00 - DEWEY DECIMAL CLASSIFICATION NUMBER
Classification number 616.3/3
Edition number 22
245 00 - TITLE STATEMENT
Title Textbook of gastroenterology /
Statement of responsibility, etc. edited by Tadataka Yamada ; associate editors, David H. Alpers ... [et al.].
Remainder of title Volume 1 /
250 ## - EDITION STATEMENT
Edition statement 5th ed.
260 ## - PUBLICATION, DISTRIBUTION, ETC.
Place of publication, distribution, etc. Chichester, West Sussex ;
-- Hoboken, NJ :
Name of publisher, distributor, etc. Blackwell Pub.,
Date of publication, distribution, etc. 2009.
300 ## - PHYSICAL DESCRIPTION
Extent 2 v. (xxi, 3440, cxi p.) :
Other physical details ill. (some col.) ;
Dimensions 29 cm +
Accompanying material 1 CD-ROM (4 3/4 in.)
650 #0 - SUBJECT ADDED ENTRY--TOPICAL TERM
Topical term or geographic name entry element Gastroenterology.
9 (RLIN) 8769
650 #0 - SUBJECT ADDED ENTRY--TOPICAL TERM
Topical term or geographic name entry element Gastrointestinal system
General subdivision Diseases.
9 (RLIN) 8770
650 12 - SUBJECT ADDED ENTRY--TOPICAL TERM
Topical term or geographic name entry element Gastrointestinal Diseases.
9 (RLIN) 8771
653 ## - INDEX TERM--UNCONTROLLED
keyword გასტროენტეროლოგია
653 ## - INDEX TERM--UNCONTROLLED
keyword მედიცინა
700 1# - ADDED ENTRY--PERSONAL NAME
Personal name Yamada, Tadataka.
Relator term რედაქტორი
9 (RLIN) 8772
700 1# - ADDED ENTRY--PERSONAL NAME
Personal name Alpers, David H.
Relator term რედაქტორი
9 (RLIN) 8773
906 ## - LOCAL DATA ELEMENT F, LDF (RLIN)
a 7
b cbc
c orignew
d 1
e ecip
f 20
g y-gencatlg
942 ## - ADDED ENTRY ELEMENTS (KOHA)
Source of classification or shelving scheme
Koha item type წიგნი
ეგზემპლარები
Withdrawn status Lost status Source of classification or shelving scheme Damaged status Not for loan Permanent Location Current Location Shelving location Date acquired Cost, normal purchase price Full call number Barcode Date last seen Copy number Price effective from Koha item type Public note
          ბათუმის შოთა რუსთაველის სახელმწიფო უნივერსიტეტის მთავარი ბიბლიოთეკა ბათუმის შოთა რუსთაველის სახელმწიფო უნივერსიტეტის მთავარი ბიბლიოთეკა წიგნსაცავი 2020-06-25 824.00 616.3 T-42 60667 2020-06-25 60667 2020-06-25 წიგნი 824 ლ.